Pixies Albums Tile Select - Statistics

General Stats
  • This quiz has been taken 46 times
    45 since last reset
  • The average score is 28 of 36
Answer Stats
Question Tile Select % Correct
the followings songs that are on Doolittle (1989). Debaser Yes
95%
the followings songs that are on Surfer Rosa (1988). Gigantic Yes
92%
the followings songs that are on Doolittle (1989). Here Comes Your Man Yes
92%
the followings songs that are on Doolittle (1989). Brick Is Red No
89%
the followings songs that are on Bossanova (1990). Crackity Jones No
89%
the followings songs that are on Doolittle (1989). Gouge Away Yes
89%
the followings songs that are on Surfer Rosa (1988). I've Been Tired No
89%
the followings songs that are on Doolittle (1989). Monkey Gone to Heaven Yes
87%
the followings songs that are on Bossanova (1990). Velouria Yes
87%
the followings songs that are on Doolittle (1989). Broken Face No
84%
the followings songs that are on Surfer Rosa (1988). River Euphrates Yes
84%
the followings songs that are on Doolittle (1989). Wave of Mutilation Yes
84%
the followings songs that are on Surfer Rosa (1988). Bone Machine Yes
82%
the followings songs that are on Doolittle (1989). Break My Body No
82%
the followings songs that are on Trompe le Monde (1991). Planet of Sound Yes
82%
the followings songs that are on Bossanova (1990). Tame No
82%
the followings songs that are on Doolittle (1989). Vamos No
82%
the followings songs that are on Surfer Rosa (1988). Cactus Yes
79%
the followings songs that are on Surfer Rosa (1988). Caribou No
79%
the followings songs that are on Bossanova (1990). Dig for Fire Yes
79%
the followings songs that are on Trompe le Monde (1991). Alec Eiffel Yes
76%
the followings songs that are on Bossanova (1990). Ana Yes
76%
the followings songs that are on Bossanova (1990). La La Love You No
76%
the followings songs that are on Surfer Rosa (1988). Where Is My Mind? Yes
76%
the followings songs that are on Trompe le Monde (1991). Bird Dream of the Olympus Mons Yes
71%
the followings songs that are on Surfer Rosa (1988). Ed Is Dead No
71%
the followings songs that are on Trompe le Monde (1991). Motorway to Roswell Yes
71%
the followings songs that are on Trompe le Monde (1991). Allison No
68%
the followings songs that are on Trompe le Monde (1991). Head On Yes
68%
the followings songs that are on Bossanova (1990). Letter to Memphis No
63%
the followings songs that are on Bossanova (1990). The Sad Punk No
63%
the followings songs that are on Trompe le Monde (1991). Cecilia Ann No
61%
the followings songs that are on Surfer Rosa (1988). Oh My Golly! Yes
61%
the followings songs that are on Bossanova (1990). Stormy Weather Yes
58%
the followings songs that are on Trompe le Monde (1991). Down to the Well No
55%
the followings songs that are on Trompe le Monde (1991). All Over the World No
53%
No matching quizzes found
Score Distribution
Percent of People with Each Score
Percentile by Number Answered
Your Score History
You have not taken this quiz since the last reset